书目信息 |
| 题名: |
《物业管理综合能力》命题点全面解读
|
|
| 作者: | ;建筑考试培训研究中心 组织编写 | |
| 分册: | ||
| 出版信息: | 北京 中国铁道出版社 2014 |
|
| 页数: | 296页 | |
| 开本: | 26cm | |
| 丛书名: | 2014全国物业管理师执业资格考试辅导用书 | |
| 单 册: | ||
| 中图分类: | F293.347 , F293.3 | |
| 科图分类: | ||
| 主题词: | 物业管理--Wu Ye Guan Li--资格考试--自学参考资料 | |
| 电子资源: | ||
| ISBN: | 978-7-113-17778-2 | |
| 000 | 01496nam 2200277 450 | |
| 001 | 1656281406 | |
| 005 | 20140402140606.6 | |
| 010 | @a978-7-113-17778-2@dCNY47.00 | |
| 100 | @a20140402d2014 em y0chiy0120 ea | |
| 101 | 0 | @achi |
| 102 | @aCN@b110000 | |
| 105 | @aak z 000yy | |
| 106 | @ar | |
| 200 | 1 | @a《物业管理综合能力》命题点全面解读@A《 Wu Ye Guan Li Zong He Neng Li 》 Ming Ti Dian Quan Mian Jie Dou@f建筑考试培训研究中心组织编写 |
| 210 | @a北京@c中国铁道出版社@d2014 | |
| 215 | @a296页@c图@d26cm | |
| 225 | 2 | @a2014全国物业管理师执业资格考试辅导用书@A2014 Quan Guo Wu Ye Guan Li Shi Zhi Ye Zi Ge Kao Shi Fu Dao Yong Shu |
| 330 | @a本书为《2014全国物业管理师执业资格考试辅导用书》之《〈物业管理综合能力〉命题点全面解读》。该书在全面锁定考纲教材变化、准确把握考试新动向的基础上,科学安排知识体系架构,以独特方法全方位剖析试题的真实含义,采用多维的解题方法拓展解题思路。该书基本内容包括命题规律解读、命题点解读、历年考题诠解和热点试题全解等,为广大应试者的复习提供了很好的参考。另外,编写该丛书的建筑考试培训研究中心还专门为应试者组成了强大的专家答疑团队,所有应试者均可通过专家答疑QQ和答案网站提出问题并得到专家的解答。 | |
| 333 | @a物业管理研究人员 | |
| 410 | 0 | @12001 @a2014全国物业管理师执业资格考试辅导用书 |
| 606 | 0 | @a物业管理@AWu Ye Guan Li@x资格考试@j自学参考资料 |
| 690 | @aF293.347@v5 | |
| 690 | @aF293.3@v4 | |
| 711 | 02 | @a建筑考试培训研究中心@AJian Zhu Kao Shi Pei Xun Yan Jiu Zhong Xin@4组织编写 |
| 801 | 0 | @aCN@b江苏新华@c20150511 |
| 905 | @aBZT@dF293.3@e8 | |
| 《物业管理综合能力》命题点全面解读/建筑考试培训研究中心组织编写.-北京:中国铁道出版社,2014 |
| 296页:图;26cm.-(2014全国物业管理师执业资格考试辅导用书) |
| 使用对象:物业管理研究人员 |
| ISBN 978-7-113-17778-2:CNY47.00 |
| 本书为《2014全国物业管理师执业资格考试辅导用书》之《〈物业管理综合能力〉命题点全面解读》。该书在全面锁定考纲教材变化、准确把握考试新动向的基础上,科学安排知识体系架构,以独特方法全方位剖析试题的真实含义,采用多维的解题方法拓展解题思路。该书基本内容包括命题规律解读、命题点解读、历年考题诠解和热点试题全解等,为广大应试者的复习提供了很好的参考。另外,编写该丛书的建筑考试培训研究中心还专门为应试者组成了强大的专家答疑团队,所有应试者均可通过专家答疑QQ和答案网站提出问题并得到专家的解答。 |
| ● |
| 相关链接 |
|
|
|
正题名:《物业管理综合能力》命题点全面解读
索取号:F293.3/8
 
预约/预借
| 序号 | 登录号 | 条形码 | 馆藏地/架位号 | 状态 | 备注 |
| 1 | 796393 | 2000796393 | 第二书库/ [索取号:F293.3/8] | 在馆 | |
| 2 | 796394 | 2000796394 | 第二书库/ [索取号:F293.3/8] | 在馆 | |
| 3 | 796395 | 2000796395 | 第二书库/ [索取号:F293.3/8] | 在馆 |